000 01041cam a22003134a 4500
001 11968926
003 OSt
005 20140311162957.0
008 000407s2000 nyua 001 0 eng
010 _a 00030314
020 _a0751327883
040 _aDLC
_cDLC
_dDLC
042 _apcc
050 0 0 _aT 58.5
_b.S565 2000
100 1 _aSleight, Steve.
245 1 0 _aInformation technology /
_cSteve Sleight.
250 _a1st American ed.
260 _aNew York :
_bDorling Kindersley,
_c2000.
300 _a72 p. :
_bcol. ill. ;
_c18 cm.
440 0 _aEssential managers
500 _aIncludes index.
521 _aIT
562 _efor circulation. 1 copy available in the collection
650 0 _aInformation technology.
906 _a7
_bcbc
_corignew
_d1
_eocip
_f20
_gy-gencatlg
942 _2lcc
_cBK
_kFOR
999 _c39072
_d39072